Music Quiz

Random Music or Billboard Quiz
Score 0/50 Timer 06:00
15 Plays Today
% Correct
Name
94.3%
Egyptian
94.3%
Breath
94.2%
Clothes
92.8%
Friends
92.4%
Preach
92.4%
Walk
92%
Take
91.9%
Fun
91.1%
True
91%
You
90.9%
Ceiling
90.8%
U.S.A.
90.1%
End
88.7%
Danger
87.7%
Addicted
87.2%
Amadeus
86.4%
Lovers
85.7%
Love
85.1%
Be
84.9%
Know
84.8%
Way
82.5%
Living
80.5%
Blame
80%
Harlem
79.6%
% Correct
Own
79.4%
Life
79.2%
Songs
77.9%
Northern
77.7%
Dreams
77%
Years
76.3%
Talk
76.3%
Forget
76.2%
Touch
75.7%
Mad
75.5%
Rock
75.1%
Hometown
74.9%
Burning
74.4%
Leave
73.6%
Typical
73.2%
Spies
72.9%
Higher
71.3%
Two
69.7%
Words
69%
Stuck
65.9%
Glory
64.6%
Wait
63.8%
Johnny
63.3%
Word
61.2%
Crush
49.4%

You're not logged in!

Compare scores with friends on all Sporcle quizzes.
OR
Log In

Sporcle TV

Today on Sporcle TV


Watch our educational content, quiz creation guides, and fun videos on Sporcle TV.

Show Comments

Extras

Top Quizzes Today


Score Distribution

Paid Content

Your Account Isn't Verified!

In order to create a playlist on Sporcle, you need to verify the email address you used during registration. Go to your Sporcle Settings to finish the process.

Report this User

Report this user for behavior that violates our Community Guidelines.

Details: